Normal view MARC view

Entry Personal Name

Number of records used in: 9

001 - CONTROL NUMBER

  • control field: 41659

003 - CONTROL NUMBER IDENTIFIER

  • control field: dpl

005 - DATE AND TIME OF LATEST TRANSACTION

  • control field: 20120213110313.0

008 - FIXED-LENGTH DATA ELEMENTS

  • fixed length control field: 120213|||a|||||| | ||| d

040 ## - CATALOGING SOURCE

  • Original cataloging agency: dpl
  • Transcribing agency: dpl

100 ## - HEADING--PERSONAL NAME

  • Personal name: गुप्ता, विजय

670 ## - SOURCE DATA FOUND

  • Source citation: Work cat.: (dpl): पाण्डेय, भारती 41658, निबन्ध मंजरीः, 2010

670 ## - SOURCE DATA FOUND

  • Source citation: Work cat.: (dpl): पाण्डेय, भारती 41658, निबन्ध मंजरीः, 2010

© Delhi Public Library
Hit Counter
free hit counter